Газетные вырезки с письмом И. К. Степановского о создании вместо Постоянного совета "Временного совета дворянского объединения"

Доступно только в Электронных читальных залах Найти на картеНа карте
RUSMARC
00004536nac2a22002891x 450
001cc6285d2-cfc2-4d9d-97e9-d27c749be74c
00520131113111534.0
100##$a20130605l1917 k y0rusy50 ca
1010#$arus
102##$aRU
105##$ay z |||||
1220#$ad19170329
2001#$aГазетные вырезки с письмом И. К. Степановского о создании вместо Постоянного совета "Временного совета дворянского объединения"
$j29 марта 1917
215##$a4 листа
251##$cДело
300##$aЗаголовки на вложенных папках: Газетные вырезки с письмом И. К. Степановского о создании вместо Постоянного совета "Временного комитета дворянского объединения"; О создании вместо Постоянного совета Временного комитета дворянского объединения (открытое письмо И. К. Степановского)
300##$aЧасть текста рукописная, часть - напечатана типографским способом
330##$aIV. Переписка Постоянного совета по вопросам объединенного дворянства, по финляндскому вопросу, о печатном органе, о юбилейных праздниках, об архивах дворянских собраний и о деятельности представителей высшего духовенства /1906-1917 гг./
461#0$1001b6db1e6b-efcc-4108-961b-a8f75be6354f
$12001
$aПостоянный совет объединенных дворянских обществ
$1251
$cФонд
$1852
$j434
462#0$1001376737bd-14a2-4097-a3d5-a02b2aa0e2d3
$12001
$aПостоянный совет объединенных дворянских обществ. 1906-1917 гг.
$1251
$cОпись
$1852
$j1
517##$aГазетные вырезки с письмом И. К. Степановского о создании вместо Постоянного совета "Временного комитета дворянского объединения"
517##$aО создании вместо Постоянного совета Временного комитета дворянского объединения (открытое письмо И. К. Степановского)
600#1$aСтепановский
$bИ. К.
60102$3RU\NLR\AUTH\8810165427
$aПостоянный совет объединенных дворянских обществ
$cПетербург
801#0$aRU
$bGA_RF
801#1$aRU
$bНПО Опыт
$c20130605
$2rusmarc
801#2$aRU
$bПБ им. Б.Н. Ельцина
$c20131113
$gRCR
$2rusmarc
852##$aГА РФ
$j142
937##$d41517754
$hПБ
035##$aRuPRLIB51007086
Формат отображения